Statistics for CIA Directors by Picture

Click here to take the quiz!

General Stats

  • This quiz has been taken 73 times
    (55 since last reset)
  • The average score is 6 of 10

Answer Stats

Answer% Correct
Mike Pompeo
86%
John Brennan
69%
Gina Haspel
66%
David Petraeus
62%
Leon Panetta
62%
Michael Hayden
52%
William Joseph Burns
52%
Porter Goss
48%
David S. Cohen
45%
Michael Morell
38%

Score Distribution

Percentile by Number Answered

Percent of People with Each Score

Your Score History

You have not taken this quiz since the last reset